श्रींगेरी श्रीनिवास की गाय़ क्यों नहीं रम्भाती? / (Record no. 176835)

MARC details
000 -LEADER
fixed length control field 01026nam a22002057a 4500
005 - DATE AND TIME OF LATEST TRANSACTION
control field 20210128113858.0
010 ## - LCCN (DPL NO)
LC control number B-736662
020 ## - INTERNATIONAL STANDARD BOOK NUMBER
International Standard Book Number 9789353090432
Terms of availability 40.00
035 ## - SYSTEM CONTROL NUMBER
System control number B-736662
037 ## - SOURCE OF ACQUISITION
Source of stock number/acquisition डी.बी.ए.डी./ उपहार
082 ## - DEWEY DECIMAL CLASSIFICATION NUMBER
Classification number
100 ## - MAIN ENTRY--PERSONAL NAME
Personal name निलेकणी,रोहिणाी
245 ## - TITLE STATEMENT
Title श्रींगेरी श्रीनिवास की गाय़ क्यों नहीं रम्भाती? /
Statement of responsibility, etc रोहिणी निलेकणी
260 ## - PUBLICATION, DISTRIBUTION, ETC. (IMPRINT)
Place of publication, distribution, etc नई दिल्ली
Name of publisher, distributor, etc प्रथम बुक्स
Date of publication, distribution, etc 2018
270 ## - ADDRESS
Address बी-3/4, प्रथम तल, सफदरज़ंग एन्क्लेव
City नई दिल्ली
Postal code 110 029
Telephone number 011-65684113
300 ## - PHYSICAL DESCRIPTION
Extent 20पृ
Dimensions 22सेमी (सजिल्द)
Other physical details सचित्र
700 ## - ADDED ENTRY--PERSONAL NAME
9 (RLIN) 15970
942 ## - ADDED ENTRY ELEMENTS (KOHA)
Source of classification or shelving scheme Dewey Decimal Classification
Item type Children Books
Classification part
Call number suffix निलेक
Holdings
Withdrawn status Lost status Not for loan Collection code Home library Current library Date acquired Source of acquisition Cost, normal purchase price Full call number Barcode Copy number Cost, replacement price Koha item type Public note
      Fiction Shahdara Branch Shahdara Branch 28/01/2021 उपहार/17.10.2020 40.00 क निलेक B-736662 1 40.00 Children Books उपहार

© Delhi Public Library
Hit Counter
free hit counter